00534nam a2200181 a 45000010010000000030011000100080041000210350026000620820014000881000016001022450039001182600039001576500019001969420012002159520090002279980020003179990015003370000-9201ELIB.Books110520 1942  a(ELIB.Books)0000-9353 a248 bPri aPricm, J.M. aVital Problems in Christian Living bNashville: Convention Press c1942 aChristian Life 2ddccBK 00102ddc4070aKBTSbKBTSd2011-05-20l0p6832r2022-01-22 00:00:00w2022-01-22yBK cbate2011-05-20 c9201d9201